Artist By Song - Retro 2000-25 Meme Songs (2501-3000) - Statistics

General Stats
  • This quiz has been taken 17 times
  • The average score is 95 of 499
Answer Stats
Hint Answer % Correct
My Heart Will Go On Celine Dion
100%
All My Loving | Baby, You're A Rich Man | Got To Get You Into My Life | +13 others The Beatles
92%
Your Song Elton John
75%
Lithium Nirvana
75%
California Love | Hit 'Em Up 2Pac
67%
Fly Me To The Moon (In Other Words) | Jingle Bells Frank Sinatra
67%
Great Balls Of Fire Jerry Lee Lewis
67%
Intentions | Lonely | Never Say Never Justin Bieber
67%
Can't Get You Out Of My Head | The Loco-Motion Kylie Minogue
67%
Sexual Healing Marvin Gaye
67%
Ben Michael Jackson
67%
Black Magic Woman | Oye Como Va | Winning Santana
67%
Candy Cane Lane | Cheap Thrills Sia
67%
Set Fire to the Rain Adele
58%
Ain't No Sunshine Bill Withers
58%
Boy With Luv | Dynamite | FAKE LOVE BTS
58%
Kiwi | Watermelon Sugar Harry Styles
58%
Purple Haze Jimi Hendrix
58%
Famous | Father Stretch My Hands Pt. 1 | I Love Kanye Kanye West
58%
Love So Soft | Underneath The Tree Kelly Clarkson
58%
Straight Outta Compton N.W.A
58%
Out Of The Woods | Welcome To New York Taylor Swift
58%
Do They Know It's Christmas Band Aid
50%
Naughty Girl Beyonce
50%
Just the Two of Us Bill Withers
50%
End Of The Road Boyz II Men
50%
Let It Snow, Let It Snow, Let It Snow Dean Martin
50%
Whip It DEVO
50%
5 Am in Toronto | Know Yourself | Laugh Now Cry Later | +2 others Drake
50%
Godzilla | Killshot | Lucky You | Venom Eminem
50%
Midnight Sky Miley Cyrus
50%
Smooth Operator Sade
50%
Magic Carpet Ride Steppenwolf
50%
King Tut Steve Martin and The Toot Uncommons
50%
I Just Called To Say I Love You Stevie Wonder
50%
What's Up? 4 Non Blondes
42%
Kings & Queens Ava Max
42%
Venus Bananarama
42%
She's Always a Woman Billy Joel
42%
A Holly Jolly Christmas Burl Ives
42%
Kung Fu Fighting Carl Douglas
42%
Blow Your Mind (Mwah) | Break My Heart | Levitating Dua Lipa
42%
Beautiful Soul | Leavin' Jesse McCartney
42%
With A Little Help From My Friends Joe Cocker
42%
Thank God I'm a Country Boy John Denver
42%
(Just Like) Starting Over | Woman Is The N****r Of The World John Lennon
42%
Alright | Backseat Freestyle | Bitch, Don't Kill My Vibe | +13 others Kendrick Lamar
42%
A Milli | Love Me Lil Wayne
42%
The Safety Dance Men Without Hats
42%
Rockin' in the Free World Neil Young
42%
Uncle Albert/Admiral Halsey Paul McCartney
42%
F**kin' Perfect | Walk Me Home P!nk
42%
Killing Me Softly With His Song Roberta Flack
42%
You're Still The One Shania Twain
42%
Turn! Turn! Turn! (To Everything There Is a Season) The Byrds
42%
everything i wanted Billie Eilish
33%
Caribbean Queen (No More Love On the Run) Billy Ocean
33%
Let's Get Retarded Black Eyed Peas
33%
How You Like That BLACKPINK
33%
Rockin' Around The Christmas Tree Brenda Lee
33%
WAP Cardi B
33%
Jesus, Take The Wheel Carrie Underwood
33%
Out of Touch Hall & Oates
33%
Coño Jason Derulo
33%
Birthday | Never Really Over Katy Perry
33%
Good as Hell | Truth Hurts Lizzo
33%
Little Dark Age MGMT
33%
A New Hallelujah | Awesome God | Open The Eyes Of My Heart Michael W. Smith
33%
Fight The Power Public Enemy
33%
Synchronicity II The Police
33%
I'm Not In Love 10cc
25%
34+35 | Santa Tell Me | positions Ariana Grande
25%
Mack the Knife Bobby Darin
25%
Electric Love BØRNS
25%
Slide Calvin Harris
25%
Love Will Keep Us Together Captain & Tennille
25%
Go Crazy | Look At Me Now Chris Brown
25%
Hymn for the Weekend Coldplay
25%
Paralyzer Finger Eleven
25%
Carry On fun.
25%
Rhinestone Cowboy Glenn Campbell
25%
The Wreck of the Edmund Fitzgerald Gordon Lightfoot
25%
How Do I Live LeAnn Rimes
25%
Captain Hook | Cry Baby | Savage Megan Thee Stallion
25%
Goodbyes | Psycho Post Malone
25%
Breakfast In America Supertramp
25%
Ballroom Blitz Sweet
25%
The Less I Know The Better Tame Impala
25%
Black Water The Doobie Brothers
25%
Heartless The Weeknd
25%
Hold Me Now Thompson Twins
25%
Antidote | FRANCHISE Travis Scott
25%
Mood | VALENTINO 24kGoldn
17%
GOOBA | GUMMO | TROLLZ 6ix9ine
17%
Potential Breakup Song Aly & AJ
17%
feel something Bea Miller
17%
My Kinda Lover Billy Squier
17%
Frosty The Snowman Bing Crosby
17%
hot girl bummer blackbear
17%
Run-Around Blues Traveler
17%
I Want Candy Bow Wow Wow
17%
Hot Hot Hot Buster Poindexter And His Banshees Of Blue
17%
Wagon Wheel | What God Wants For Christmas Darius Rucker
17%
No Brainer | POPSTAR DJ Khaled
17%
Like That Doja Cat
17%
Please Come Home for Christmas Eagles
17%
Santa Baby Eartha Kitt
17%
You Need Me, I Don't Need You Ed Sheeran
17%
Out of My League Fitz & The Tantrums
17%
Now Or Never Halsey
17%
Things Can Only Get Better Howard Jones
17%
Zero Imagine Dragons
17%
MIDDLE CHILD | No Role Modelz J. Cole
17%
Canon in D Johann Pachelbel
17%
R.O.C.K. In The U.S.A. (A Salute To 60's Rock) John Mellencamp
17%
Feliz Navidad Jose Feliciano
17%
Come & Go | Hate The Other Side | Robbery | Wishing Well Juice WRLD
17%
Get Down Tonight KC & The Sunshine Band
17%
Jungle Boogie | Ladies Night Kool & The Gang
17%
HOLIDAY Lil Nas X
17%
Baby Madison Beer
17%
Slow Hands Niall Horan
17%
Hot Child In The City Nick Gilder
17%
Put Your Head On My Shoulder Paul Anka
17%
Good For You Selena Gomez
17%
Do It Again Steely Dan
17%
Five Nights at Freddy's | It's Been So Long | No Mercy The Living Tombstone
17%
Turning Japanese The Vapors
17%
Headstrong Trapt
17%
EARFQUAKE | Yonkers Tyler, The Creator
17%
The Hustle Van McCoy
17%
A GHETTO CHRISTMAS CAROL | Jocelyn Flores | UP LIKE AN INSOMNIAC - FREESTYLE XXXTENTACION
17%
She's Kinda Hot 5 Seconds of Summer
8%
Caroline Aminé
8%
Happy Holiday / The Holiday Season | It's the Most Wonderful Time of the Year Andy Williams
8%
Waiting For Love Avicii
8%
Who Says You Can't Go Home Bon Jovi
8%
Rock & Roll Band Boston
8%
Chirp | Haggstrom | Living Mice | +6 others C418
8%
I Don't Like Chief Keef
8%
Amazing Grace (My Chains Are Gone) | At The Cross | God's Great Dance Floor | +12 others Chris Tomlin
8%
E-GIRLS ARE RUINING MY LIFE CORPSE
8%
Flava in Ya Ear Remix Craig Mack
8%
PRACTICE | Suge | VIBEZ DaBaby
8%
Sweet Victory David Glen Eisley
8%
Shining Star Earth, Wind & Fire
8%
Rocketeer Far East Movement
8%
Reach Out I'll Be There Four Tops
8%
Life Is Good | Low Life | Mask Off (feat. Kendrick Lamar) Future
8%
Rudolph The Red-Nosed Reindeer Gene Autry
8%
光るなら (Hikaru Nara) Goose house
8%
The Loco-Motion | We're An American Band Grand Funk Railroad
8%
ブルーバード (Blue Bird) Ikimonogakari
8%
Lost Umbrella INABAKUMORI
8%
WHATS POPPIN Jack Harlow
8%
No Such Thing John Mayer
8%
SLOW DANCING IN THE DARK Joji
8%
シルエット (Silhouette) KANA-BOON
8%
Sound of da Police KRS-One
8%
Before You Go Lewis Capaldi
8%
Esskeetit Lil Pump
8%
20 Min | Futsal Shuffle 2020 Lil Uzi Vert
8%
Coffin | One Night | Oprah's Bank Account Lil Yachty
8%
Guren no Yumiya Linked Horizon
8%
Me and You and a Dog Named Boo Lobo
8%
Down Marian Hill
8%
M to the B Millie B
8%
Because Of You Ne-Yo
8%
Main Theme (SSBB) | One-Winged Angel | Tifa's Theme Nobuo Uematsu
8%
Shimmy Shimmy Ya Ol' Dirty Bastard
8%
Lord, I Need You Passion
8%
Mary, Did You Know? Pentatonix
8%
Raging Fire Phillip Phillips
8%
Magnolia Playboi Carti
8%
Come Get Her | No Type Rae Sremmurd
8%
Chill Bill Rob $tone
8%
High Fashion Roddy Ricch
8%
My Type | Tap In Saweetie
8%
Sh-Boom The Chords
8%
Build Me Up Buttercup The Foundations
8%
Addison Rae | WITHOUT YOU The Kid LAROI
8%
Deal with the Devil Tia
8%
Jackie Chan Tiësto
8%
(Is This The Way To) Amarillo Tony Christie
8%
U Remind Me USHER
8%
WWE: The Time IS Now (John Cena) WWE
8%
夜に駆ける(Racing Into The Night) YOASOBI
8%
Chicken Fried Zac Brown Band
8%
恋愛サーキュレーション(Renai Circulation) | 白金ディスコ (Platinum Disco) 物語シリーズ
0%
Mr. Right Now | a lot 21 Savage
0%
Dancing in My Room 347aidan
0%
Wobble Wobble 504 Boyz
0%
4 Da Trap 645AR
0%
Plain Jane | Work A$AP Ferg
0%
F**kin' Problems A$AP Rocky
0%
Swervin A Boogie Wit da Hoodie
0%
Surface Aero Chord
0%
El-Shaddai Amy Grant
0%
Yakko's World Animaniacs
0%
Mine Bazzi
0%
Into The Night Benny Mardones
0%
Geek'd | Gucci Flip Flops | Hi Bich Bhad Bhabie
0%
Two Sets of Jones' Big Tent Revival
0%
LEFT RIGHT Bktherula
0%
What's Up Danger Blackway
0%
Boys 'Round Here Blake Shelton
0%
Hit 'Em Up Style (Oops!) Blu Cantrell
0%
Thotiana Blueface
0%
Jingle Bell Rock Bobby Helms
0%
Hot N*gga Bobby Shmurda
0%
Get Out Of Denver Bob Seger
0%
Welcome Home (You) Brian Littrell
0%
Envy Me Calboy
0%
Finally CeCe Peniston
0%
BOO! Championxiii
0%
7X70 Chris August
0%
Patches Clarence Carter
0%
Hatchback Cochise
0%
Come As You Are Crowder
0%
Ritz Carlton (Ran Off On The Plug Twice) Da Plug Boyz
0%
SMS (Shine) David Crowder Band
0%
Tiimmy Turner Desiigner
0%
Fichtl's Lied Die Woodys
0%
Be Happy Dixie
0%
THICK DJ Chose
0%
Where The Hood At DMX
0%
After Party Don Toliver
0%
Sensitive Dreamer Isioma
0%
Skechers DripReport
0%
Move Your Body Eiffel 65
0%
Ghost Ella Henderson
0%
9 Lives (Certified West Coast Killer) Eric Bellinger
0%
Don't Drop That Thun Thun Finatticz
0%
Leave Me Alone Flipp Dinero
0%
Fix My Eyers for KING & COUNTRY
0%
Where's My Juul?? Full Tac
0%
Dusk | Every Day Is Night | Heart of the City | +5 others Garoad
0%
Here I Am To Worship Hillsong Worship
0%
Resonance Home
0%
Tuesday ILOVEMAKONNEN
0%
Bad Boys (Theme from COPS) Inner Circle
0%
Lemonade Internet Money
0%
Why Jadakiss
0%
Savage Love Jawsh 685
0%
King's Dead Jay Rock
0%
Hood Baby KBFR
0%
Lottery (Renegade) K CAMP
0%
Drip Like Me Kenndog
0%
Really Really Kevin Gates
0%
Show Me Kid Ink
0%
街のドルフィン (Dolphin In Town) Kingo Hamada
0%
Super Mario Galaxy: Gusty Garden Koji Kondo
0%
Hey Julie! KYLE
0%
You Say Lauren Daigle
0%
Bugler's Dream and Olympic Fanfare Medley Leo Arnaud
0%
Drip Too Hard Lil Baby
0%
Big Chungus Fart Lil Big Stack
0%
HAHA Lil Darkie
0%
Get Low Lil Jon & The Eastside Boyz
0%
Real N***A Roll Call Lil Jon & The East Side Boyz
0%
BLACKOUT Lil Kapow
0%
Killmonger Lil Ronny Motha F
0%
Banner Of Love Luminate
0%
Underestimated Maestro Fresh Wes
0%
Die Very Rough Mario Judah
0%
Letters From War Mark Schultz
0%
All the People Said Amen | Because He Lives Matt Maher
0%
10,000 Reasons (Bless The Lord) Matt Redman
0%
Addams Groove MC Hammer
0%
Trap Anthem MC Virgins
0%
Shake MercyMe
0%
RAP DEVIL | bloody valentine mgk
0%
Angel Wings | Flying Forever | Love Thru the Night Mike Ault
0%
ICE MORGENSHTERN
0%
Candy Naoko Gushima
0%
Gassed Up Nebu Kiniza
0%
Promises NERO
0%
God's Not Dead (Like A Lion) | We Believe Newsboys
0%
3 Musketeers NextYoungin
0%
Redeemer Nicole C. Mullen
0%
Papi Chulo Octavian
0%
Olivia One Direction
0%
Gucci Bucket Hat Pap Chanel
0%
It's Beginning to Look a Lot Like Christmas Perry Como
0%
When God Ran Phillips, Craig & Dean
0%
This Is Amazing Grace Phil Wickham
0%
Song for Denise Piano Fantasia
0%
Magic Pilot
0%
Notice Me PnB Rock
0%
Go Stupid | Pop Out Polo G
0%
For The Night | Got It On Me | Mood Swings | +2 others Pop Smoke
0%
Goodbye To A World Porter Robinson
0%
DDLG | Hugh Hefner | PJ ppcocaine
0%
Baby Quality Control
0%
One Wish Ray J
0%
New Thang Redfoo
0%
Photo ID Remi Wolf
0%
Lifestyle Rich Gang
0%
Goodnight Vienna | No-No Song Ringo Starr
0%
U.O.E.N.O Rocko
0%
Heart On Ice | Rags2Riches Rod Wave
0%
Whole Lotta Choppas Sada Baby
0%
Roses SAINt JHN
0%
Lead Me Sanctus Real
0%
Collard Greens ScHoolboy Q
0%
Leglock Shakewell
0%
残酷な天使のテーゼ (A Cruel Angel's Thesis) Shoko Nakagawa
0%
Hey Moon Sidewalk Prophets
0%
Monster Skillet
0%
Purple Lamborghini Skrillex
0%
Deep End Freestyle Sleepy Hallow
0%
It's Dangerous to Go Alone | Smash! Starbomb
0%
Party Girl StaySolidRocky
0%
Na Na Hey Hey Kiss Him Goodbye Steam
0%
Cinderella | Dive | Live Out Loud Steven Curtis Chapman
0%
Brother Louie Stories
0%
Sunday Best Surfaces
0%
Tequila The Champs
0%
3 Vets The Future Kingz
0%
Drunken Sailor The Irish Rovers
0%
Get It On (Bang a Gong) The Power Station
0%
Sleigh Ride The Ronettes
0%
Soul On Fire Third Day
0%
My Heart Went Oops Tiagz
0%
Freaks Timmy Trumpet
0%
Everywhere I Go Tim Timmons
0%
GOODMORNINGTOKYO! | THOT! TOKYO'S REVENGE
0%
Falling Trevor Daniel
0%
Na Na Trey Songz
0%
Water Ugly God
0%
Start A Fire Unspoken
0%
Astronomia Vicetone
0%
Turn the Beat Around Vicki Sue Robinson
0%
Tetris Theme | The Moon Theme (Ducktales NES) Video Game Players
0%
Trapped In the Drive-Thru "Weird Al" Yankovic
0%
Lalala Y2K
0%
My N*gga YG
0%
Say I Yi Yi Ying Yang Twins
0%
Murder on My Mind | Suicidal YNW Melly
0%
Make No Sense YoungBoy Never Broke Again
0%
Shhh (Pew Pew) Young Fanatic
0%
il vento d'oro Yugo Kanno
0%
Buttered Up | Gravy Train | Magic Yung Gravy
0%
Rugrat YVS VILLAGE
0%
No matching quizzes found
Score Distribution
Percent of People with Each Score
Percentile by Number Answered
Your Score History
You have not taken this quiz